|
|
|
|
| LEADER |
00000nab a2200000 a 4500 |
| 001 |
vtls010031904 |
| 003 |
SK-MaSNL |
| 005 |
20260304155539.0 |
| 008 |
250507c2009 xo |||||||| |000 b|slo |
| 015 |
|
|
|a SNBRB2009/12
|2 snkbucl
|
| 035 |
|
|
|a (uuid)6544afeb-9dc8-4831-bcf7-dedeaa4eb7e3
|
| 035 |
|
|
|a urn:nbn:sk:snk-ab1yjj
|
| 035 |
|
|
|a (urnnbn)urn:nbn:sk:snk:ar-a018j1
|
| 038 |
|
|
|a SNKBUCL
|
| 040 |
|
|
|a SNKBUCL
|b slo
|c SNKBUCL
|e AACR2
|
| 041 |
0 |
|
|a hun
|
| 044 |
|
|
|a xo
|c SK
|
| 080 |
|
|
|a 821.511.141-1=511.141
|2 1997
|
| 100 |
1 |
|
|a Vörös, István,
|d 1964-
|4 aut
|9 493668
|
| 245 |
1 |
0 |
|a [Versek]
|c Vörös István
|
| 300 |
|
|
|b Obr.
|
| 500 |
|
|
|a Blok obsahuje 4 básne
|
| 655 |
|
7 |
|a maďarská poézia
|2 snkbucl
|9 70602
|
| 740 |
0 |
2 |
|a Ami hazudható
|
| 740 |
0 |
2 |
|a Az elviselhetetlenről
|
| 740 |
0 |
2 |
|a A túlvilág díszei
|
| 740 |
0 |
2 |
|a Közép
|
| 773 |
0 |
|
|t Kalligram : művészet és gondolat
|g Évf. XVIII, sz. december (2009), o. 32-33
|x 1335-1826
|
| 850 |
|
|
|a Slovenská národná knižnica
|
| 852 |
|
|
|a Slovenská národná knižnica
|
| 958 |
|
|
|a article27
|
| 958 |
|
|
|a OND
|
| 958 |
|
|
|a HU
|
| 958 |
|
|
|a LX
|
| 999 |
|
|
|c 2963005
|d 2964935
|